| 000 | 00000nas 2200000za 4500 |
| 001 | 9.506019 |
| 003 | CaOODSP |
| 005 | 20250618103431 |
| 007 | cr ||||||||||| |
| 008 | 150406c20089999oncar p oss f0 a0eng|d |
| 020 | |z978-0-662-48777-7|z978-1-100-12750-7 |
| 022 | |a1911-5768 |
| 040 | |aCaOODSP|beng |
| 043 | |an-cn--- |
| 086 | 1 |aCS92-162E-PDF|zCS92-162/2006-1E-PDF|zCS92-162/2009E-PDF |
| 245 | 00|aCensus subdivision boundary file, reference guide |h[electronic resource]. |
| 260 | |aOttawa : |bStatistics Canada, Geography Division, |c2008- |
| 310 | |aAnnual |
| 362 | 1 |aBegan with 2008. |
| 500 | |aIssued also in French under title: Fichier des limites des subdivisions de recensement, guide de référence. |
| 515 | |aIssues for 2011, 2015-2016 not published. |
| 520 | |aThis guide describes the content and applications of the product, as well as providing information on data quality, record layouts and methodology. |
| 550 | |aIssued 2017- by Statistics Canada. |
| 692 | 07|2gccst|aCensus |
| 692 | 07|2gccst|aBoundaries |
| 710 | 1 |aCanada.|bStatistics Canada.|bGeography Division. |
| 775 | 08|tFichier des limites des subdivisions de recensement, guide de référence |w(CaOODSP)9.502421 |
| 986 | |a92-162-G |